| 000 | 01146nam a2200241 a 4500 | ||
|---|---|---|---|
| 001 | 000315466 | ||
| 003 | AM-YeHGA | ||
| 005 | 20250617130422.0 | ||
| 008 | 040305n ru |||||||||||||||||rus|d | ||
| 040 | _aAM-YeHGA | ||
| 041 | 1 |
_arus _hger |
|
| 100 | 1 | _aВебер, Макс | |
| 245 | 1 | 0 |
_aАграрная история древнего мира : _bС прилож. статьи "Римский колонат" проф. М.И. Ростовцева / _cМакс Вебер ; Пер. с нем. Е.С. Петрушевской ; Под ред. и с предисл. Д.М. Петрушевского. |
| 260 |
_aМосква : _bИзд. М. и С. Сабашниковых, _cБ. г. |
||
| 300 | _aVI, 436 с. | ||
| 500 | _aТекст напечатан по старой орфографии | ||
| 650 | 1 | 4 | _aЗемельная экономика |
| 700 | 1 |
_aПетрушевская, Е.С. _eпер. _4trl |
|
| 700 | 1 |
_aПетрушевский, Д.М. _eавт. предисл. _4aui _eред. _4edt |
|
| 700 | 1 |
_aРостовцев, М.Н. _eавт. ст. _4aui _tРимский колонат |
|
| 942 |
_2udc _cBK |
||
| 090 | _c118351 | ||
| 999 |
_c117004 _d117004 |
||